Effective teaching : (Record no. 11466)
[ view plain ]
| 000 -LEADER | |
|---|---|
| fixed length control field | 00707nam a22002292 4500 |
| 001 - CONTROL NUMBER | |
| control field | 0000023628 |
| 005 - DATE AND TIME OF LATEST TRANSACTION | |
| control field | 20151217154504.0 |
| 008 - FIXED-LENGTH DATA ELEMENTS--GENERAL INFORMATION | |
| fixed length control field | 130312s xx 000 0 eng d |
| 020 ## - INTERNATIONAL STANDARD BOOK NUMBER | |
| International Standard Book Number | 1849200769 : |
| 040 ## - CATALOGING SOURCE | |
| Original cataloging agency | KABU |
| Transcribing agency | KABU |
| 100 1# - MAIN ENTRY--PERSONAL NAME | |
| Personal name | Muijis, Daniel. |
| -- | 0000183193 |
| 245 10 - TITLE STATEMENT | |
| Title | Effective teaching : |
| Remainder of title | evidence and practice / |
| Statement of responsibility, etc. | Daniel Muijis and David Reynolds. |
| 250 ## - EDITION STATEMENT | |
| Edition statement | 3rd ed. |
| 260 ## - PUBLICATION, DISTRIBUTION, ETC. (IMPRINT) | |
| Place of publication, distribution, etc. | London : |
| Name of publisher, distributor, etc. | SAGE, |
| Date of publication, distribution, etc. | 2011. |
| 300 ## - PHYSICAL DESCRIPTION | |
| Extent | 361 p. |
| 650 #0 - SUBJECT ADDED ENTRY--TOPICAL TERM | |
| Topical term or geographic name as entry element | Effective teaching. |
| -- | 0000158962 |
| 650 #0 - SUBJECT ADDED ENTRY--TOPICAL TERM | |
| Topical term or geographic name as entry element | Teacher effectiveness. |
| -- | 0000183194 |
| 700 1# - ADDED ENTRY--PERSONAL NAME | |
| Personal name | Reynolds, David. |
| -- | 0000183195 |
| 852 1# - LOCATION | |
| -- | p4990.40 KES |
| 908 ## - PUT COMMAND PARAMETER (RLIN) | |
| Put command parameter | 130312 |
| 950 ## - LOCAL HOLDINGS (RLIN) | |
| -- | 1 |
| Withdrawn status | Lost status | Source of classification or shelving scheme | Not for loan | Home library | Current library | Date acquired | Total Checkouts | Full call number | Barcode | Date last seen | Date last checked out | Price effective from | Koha item type |
|---|---|---|---|---|---|---|---|---|---|---|---|---|---|
| Library of Congress Classification | Kabarak, Main Campus | Kabarak, Main Campus | 17/12/2015 | 2 | LB1025.3 .M85 2011 c. 1 | 014596 | 15/02/2019 | 15/02/2019 | 17/12/2015 | General Collection |